Vielfältige Leitungsmodelle im Neuen Testament
| Main Author: | |
|---|---|
| Format: | Print Article |
| Language: | German |
| Check availability: | HBZ Gateway |
| Interlibrary Loan: | Interlibrary Loan for the Fachinformationsdienste (Specialized Information Services in Germany) |
| Published: |
1995
|
| In: |
Lebendige Seelsorge
Year: 1995, Volume: 46, Issue: 4/5, Pages: 188 |
| IxTheo Classification: | HC New Testament RB Church office; congregation |
| Further subjects: | B
Office
B Community |
MARC
| LEADER | 00000caa a22000002c 4500 | ||
|---|---|---|---|
| 001 | 1638945756 | ||
| 003 | DE-627 | ||
| 005 | 20220608123713.0 | ||
| 007 | tu | ||
| 008 | 160405s1995 xx ||||| 00| ||ger c | ||
| 035 | |a (DE-627)1638945756 | ||
| 035 | |a (DE-576)464720419 | ||
| 035 | |a (DE-599)BSZ464720419 | ||
| 040 | |a DE-627 |b ger |c DE-627 |e rakwb | ||
| 041 | |a ger | ||
| 084 | |a 1 |2 ssgn | ||
| 100 | 1 | |0 (DE-588)115822712 |0 (DE-627)077495551 |0 (DE-576)164894942 |4 aut |a Venetz, Hermann-Josef |d 1938-2021 | |
| 109 | |a Venetz, Hermann-Josef 1938-2021 |a Venetz, Hermann 1938-2021 |a Venetz, Josef 1938-2021 | ||
| 245 | 1 | 0 | |a Vielfältige Leitungsmodelle im Neuen Testament |
| 246 | 3 | 0 | |a Gemeindeleitung |
| 264 | 1 | |c 1995 | |
| 336 | |a Text |b txt |2 rdacontent | ||
| 337 | |a ohne Hilfsmittel zu benutzen |b n |2 rdamedia | ||
| 338 | |a Band |b nc |2 rdacarrier | ||
| 500 | |a Rubrikentitel: Gemeindeleitung | ||
| 601 | |a Vielfalt | ||
| 601 | |a Testament | ||
| 650 | 0 | 7 | |0 (DE-588)4142292-2 |0 (DE-627)104393386 |0 (DE-576)209717602 |a Amt |2 gnd |
| 650 | 0 | 7 | |0 (DE-588)4020015-2 |0 (DE-627)106319590 |0 (DE-576)208931538 |a Gemeinschaft |2 gnd |
| 652 | |a HC:RB | ||
| 773 | 0 | 8 | |i In |t Lebendige Seelsorge |d Würzburg : Echter, 1950 |g 46(1995), 4/5, Seite 188 |w (DE-627)129305650 |w (DE-600)124166-7 |w (DE-576)014501317 |x 0343-4591 |7 nnas |
| 773 | 1 | 8 | |g volume:46 |g year:1995 |g number:4/5 |g pages:188 |
| 935 | |a mteo |a BIIN | ||
| 951 | |a AR | ||
| BIB | |a 1 | ||
| ELC | |b 1 | ||
| ITA | |a 1 |t 1 | ||
| LOK | |0 000 xxxxxcx a22 zn 4500 | ||
| LOK | |0 001 3299007823 | ||
| LOK | |0 003 DE-627 | ||
| LOK | |0 004 1638945756 | ||
| LOK | |0 005 20160405120007 | ||
| LOK | |0 008 160404||||||||||||||||ger||||||| | ||
| LOK | |0 040 |a DE-Tue135 |c DE-627 |d DE-Tue135 | ||
| LOK | |0 092 |o n | ||
| LOK | |0 852 |a DE-Tue135 | ||
| LOK | |0 852 1 |9 00 | ||
| LOK | |0 935 |a ixzs |a ixmi | ||
| LOK | |0 936ln |0 1442044136 |a HC | ||
| LOK | |0 936ln |0 144205302X |a RB | ||
| LOK | |0 939 |a 04-04-16 |b l01 | ||
| LOK | |0 000 xxxxxcx a22 zn 4500 | ||
| LOK | |0 001 3299007831 | ||
| LOK | |0 003 DE-627 | ||
| LOK | |0 004 1638945756 | ||
| LOK | |0 005 20190311191545 | ||
| LOK | |0 008 190311||||||||||||||||ger||||||| | ||
| LOK | |0 035 |a (DE-Tue135-1)74359 | ||
| LOK | |0 040 |a DE-Tue135-1 |c DE-627 |d DE-Tue135-1 | ||
| LOK | |0 852 |a DE-Tue135-1 | ||
| LOK | |0 852 1 |c FTH097555/46/VZH |m p |9 00 | ||
| LOK | |0 852 2 |b Z 5/467 |9 00 | ||
| LOK | |0 935 |a iZSA | ||
| LOK | |0 938 |k p | ||
| LOK | |0 939 |a 11-03-19 |b l12 | ||
| ORI | |a SA-MARC-ixtheoa001.raw | ||
| STA | 0 | 0 | |a Community,Community,Office |
| STB | 0 | 0 | |a Communauté,Communauté,Poste,Office,Fonction,Office,Fonction |
| STC | 0 | 0 | |a Cargo,Ministerio,Ministerio,Comunidad,Comunidad,Comunión,Comunión,Comunión (Motivo),Comunión |
| STD | 0 | 0 | |a Comunità,Comunità,Ufficio,Carica,Carica |
| STE | 0 | 0 | |a 群体,群体,共同体,社群,共同体,社群,职务,职位 |
| STF | 0 | 0 | |a 群體,群體,共同體,社群,共同體,社群,職務,職位 |
| STG | 0 | 0 | |a Cargo,Ministério,Ministério,Comunidade,Comunidade,Comunhão (Motivo),Comunhão |
| STH | 0 | 0 | |a Государственная должность,Единство,Единство |
| STI | 0 | 0 | |a Αξίωμα,Γραφείο,Κοινότητα (μοτίβο),Κοινότητα |
| SUB | |a BIB | ||
| SYE | 0 | 0 | |a Landdrostei , Community,Soziale Gemeinschaft,Gemeinschaften |